Quiz sulle Bandiere dell'Europa - Scelta Multipla - Statistics

Statistiche generali
  • Questo quiz è stato fatto 108 volte
  • Il punteggio medio è 44 su 47
Statistiche sulle risposte
Domanda Risposta % Corretto
Albania
99%
Francia
99%
Irlanda
99%
Italia
99%
Portogallo
99%
Regno Unito
99%
Russia
99%
Spagna
99%
Austria
98%
Grecia
98%
Macedonia del Nord
98%
Paesi Bassi
98%
San Marino
98%
Svizzera
98%
Turchia
98%
Belgio
97%
Cipro
97%
Estonia
97%
Germania
97%
Serbia
97%
Svezia
97%
Ucraina
97%
Andorra
96%
Croazia
96%
Repubblica Ceca
96%
Slovacchia
96%
Slovenia
96%
Bosnia ed Erzegovina
95%
Finlandia
95%
Islanda
95%
Kosovo
95%
Malta
95%
Montenegro
95%
Città del Vaticano
93%
Danimarca
93%
Lussemburgo
93%
Bielorussia
92%
Bulgaria
92%
Liechtenstein
92%
Norvegia
91%
Ungheria
89%
Moldavia
87%
Polonia
87%
Lettonia
84%
Lituania
84%
Monaco
70%
Romania
69%
Nessun quiz corrispondente trovato
Distribuzione punteggi
Percentuale di utenti per punteggio
Percentile per numero di risposta
I tuoi punteggi nel tempo
Non hai fatto questo quiz